[Event "TCh-SWE Superettan"]
[Site "Sweden SWE"]
[Date "2016.10.14"]
[Round "1.2"]
[Board "7"]
[White "Nyberg, Ulf"]
[Black "Kallstrom, Magnus"]
[Result "1-0"]
[WhiteElo "2144"]
[BlackElo "1908"]
[WhiteTeam "SK Kamraterna"]
[BlackTeam "Horndals SK"]
[WhiteFideId "1705083"]
[BlackFideId "1716344"]
[EventDate "2016.10.14"]

1. d4 Nf6 2. c4 e6 3. Nc3 Bb4 4. e3 c5 5. Bd3 Nc6 6. Ne2 d6 7. O-O Bxc3 8. bxc3
e5 9. d5 Ne7 10. Ng3 O-O 11. Rb1 Rb8 12. e4 Ng6 13. Nf5 Re8 14. g3 b6 15. h4 Nf8
16. Kg2 g6 17. Nh6+ Kg7 18. Bg5 Qd7 19. Rh1 Ng4 20. Qf3 f5 21. exf5 Nxh6 22. f6+
Kg8 23. Bxh6 Qf7 24. h5 1-0

[Event "TCh-SWE Superettan"]
[Site "Sweden SWE"]
[Date "2016.10.15"]
[Round "2.1"]
[Board "2"]
[White "Olsson, Krister"]
[Black "Rosberg, Simon"]
[Result "1/2-1/2"]
[WhiteElo "2384"]
[BlackElo "2334"]
[WhiteTeam "SK Rockaden, Sthlm II"]
[BlackTeam "Schack 08, Norrkoping"]
[WhiteFideId "1702165"]
[BlackFideId "1710141"]
[EventDate "2016.10.14"]

1. d4 d5 2. c4 c6 3. Nc3 dxc4 4. e3 b5 5. a4 b4 6. Ne4 Qd5 7. Ng3 Nf6 8. Be2 e6
9. e4 Qa5 10. Bxc4 Be7 11. Nf3 O-O 12. O-O Ba6 13. Bxa6 Nxa6 14. Ne5 Rac8 15.
Bg5 Qd8 16. Qd3 Nb8 17. Rfd1 c5 18. dxc5 Rxc5 19. Qe3 Qa5 20. Bxf6 Bxf6 21. Nd3
Rc2 22. e5 Be7 23. b3 Nc6 24. Rac1 Rxc1 25. Rxc1 Qd5 26. Ne2 Rd8 27. Nef4 Qd7
28. g3 Nd4 29. Nb2 Qb7 30. h4 Nf3+ 31. Kf1 Nxe5 32. Re1 Nf3 33. Rd1 Rxd1+ 34.
Nxd1 Nh2+ 35. Ke2 Ng4 36. Qd3 Ne5 37. Qe3 Qc7 38. Kd2 Bc5 39. Qe4 Nc6 40. Nd3
Qd6 41. Nb2 f5 42. Qf3 Nd4 43. Qb7 Nxb3+ 44. Kc2 Nd4+ 45. Kb1 Bb6 46. Nc4 Qd8
47. Nce5 Qc7 48. Qa8+ Qd8 49. Qb7 Qc7 50. Qa8+ Qd8 1/2-1/2

[Event "TCh-SWE Superettan"]
[Site "Sweden SWE"]
[Date "2016.10.15"]
[Round "2.2"]
[Board "8"]
[White "Axelsson, Uno"]
[Black "Dadabaev, Janybek"]
[Result "0-1"]
[WhiteElo "2080"]
[BlackElo "1987"]
[WhiteTeam "SK Kamraterna"]
[BlackTeam "SK Rockaden, Sthlm II"]
[WhiteFideId "1710249"]
[BlackFideId "13801236"]
[EventDate "2016.10.14"]

1. d4 Nf6 2. c4 e6 3. Nc3 Bb4 4. e3 b6 5. Ne2 O-O 6. a3 Be7 7. Ng3 d5 8. cxd5
exd5 9. Be2 Be6 10. O-O Nbd7 11. f4 Nb8 12. Bf3 c6 13. h3 Bc8 14. Rf2 Ne8 15.
Rc2 Bh4 16. Nh1 f5 17. g3 Be7 18. Nf2 Kh8 19. Kh2 Be6 20. Nd3 Nd7 21. b3 Rc8 22.
a4 Nef6 23. Rca2 c5 24. Ne2 Ne4 25. a5 c4 26. Ne5 Nxe5 27. dxe5 b5 28. Nd4 Qd7
29. Bxe4 dxe4 30. bxc4 Bxc4 31. Rg2 Bc5 32. Bb2 Bxd4 33. Bxd4 a6 34. g4 Be6 35.
gxf5 Rxf5 36. Qb1 Rh5 37. Qxe4 g6 38. Rg3 Kg8 39. Qf3 Rc2+ 40. Kg1 Rxh3 41. Rxh3
Bxh3 42. Rd1 Bg2 43. Qg3 Be4 44. Qh4 Rg2+ 45. Kf1 g5 46. Qh6 Qd5 47. Rc1 Bd3+
48. Ke1 Re2+ 0-1

[Event "TCh-SWE Superettan"]
[Site "Sweden SWE"]
[Date "2016.10.15"]
[Round "2.3"]
[Board "4"]
[White "Olofsson-Dolk, Mattis"]
[Black "Malm Lindberg, Henrik"]
[Result "0-1"]
[WhiteElo "2240"]
[BlackElo "2248"]
[WhiteTeam "Vaxjo SK"]
[BlackTeam "Upsala ASS"]
[WhiteFideId "1715178"]
[BlackFideId "1702599"]
[EventDate "2016.10.14"]

1. d4 Nf6 2. c4 e6 3. Nc3 Bb4 4. e3 O-O 5. Ne2 d5 6. a3 Be7 7. cxd5 exd5 8. Nf4
Re8 9. Bd3 Bd6 10. O-O Bxf4 11. exf4 Nc6 12. Be3 Ne7 13. h3 h5 14. Qc2 g6 15. f3
Bf5 16. Ne2 Bxd3 17. Qxd3 Nf5 18. Bf2 h4 19. Rac1 Nh5 20. Rfe1 c6 21. b4 a6 22.
Qd2 Qd6 23. Rc3 Re6 24. Rb3 Rae8 25. Rbb1 R8e7 26. Kf1 Rxe2 0-1

[Event "TCh-SWE Superettan"]
[Site "Sweden SWE"]
[Date "2016.10.15"]
[Round "2.5"]
[Board "7"]
[White "Blazekovic, Nina"]
[Black "Tuvesson, Mats"]
[Result "0-1"]
[WhiteElo "1892"]
[BlackElo "2042"]
[WhiteTeam "Orgryte SK"]
[BlackTeam "Burgsvik Alva SK"]
[WhiteFideId "1715984"]
[BlackFideId "1724827"]
[EventDate "2016.10.14"]

1. d4 Nf6 2. Nf3 c5 3. e3 e6 4. Bd3 d5 5. Nbd2 Nc6 6. c3 Bd6 7. O-O O-O 8. e4
dxe4 9. Nxe4 Nxe4 10. Bxe4 f5 11. Bc2 Qc7 12. Bb3 Na5 13. Bc2 Nc6 14. Bb3 Na5
15. Bc2 Nc6 16. Bb3 0-1

[Event "TCh-SWE Superettan"]
[Site "Sweden SWE"]
[Date "2016.10.15"]
[Round "2.5"]
[Board "8"]
[White "Andersson, Bjorn 19712"]
[Black "Troberg Eskola, Love"]
[Result "1-0"]
[WhiteTitle "FM"]
[WhiteElo "2202"]
[BlackElo "1888"]
[WhiteTeam "Burgsvik Alva SK"]
[BlackTeam "Orgryte SK"]
[WhiteFideId "1702114"]
[BlackFideId "1724185"]
[EventDate "2016.10.14"]

1. e4 e6 2. d4 d5 3. e5 c5 4. c3 Nc6 5. Nf3 Bd7 6. a3 f6 7. b4 cxd4 8. b5 Nxe5
9. Nxe5 fxe5 10. Qh5+ g6 11. Qxe5 Qf6 12. cxd4 Rc8 13. Nd2 Qxe5+ 14. dxe5 Bh6
15. Bd3 Ne7 16. Bb2 O-O 17. Nb3 Nf5 18. O-O Bg7 19. Rac1 b6 20. g3 g5 21. a4
Rfe8 22. Bxf5 exf5 23. f4 gxf4 24. gxf4 Bh6 25. Nd4 Rxc1 26. Bxc1 Rc8 27. e6 Bg7
28. Nxf5 Bxe6 29. Ne7+ Kf7 30. Nxc8 Bd4+ 31. Kg2 Bxc8 32. Kf3 Bf5 33. Be3 Bc3
34. Ke2 d4 35. Bd2 Bb2 36. Rg1 Ke6 37. Kd1 Bg6 38. Re1+ Kd7 39. Bb4 d3 1-0

[Event "TCh-SWE Superettan"]
[Site "Sweden SWE"]
[Date "2016.10.16"]
[Round "3.2"]
[Board "7"]
[White "Lissang, Christopher"]
[Black "Nyberg, Ulf"]
[Result "1-0"]
[WhiteElo "2327"]
[BlackElo "2144"]
[WhiteTeam "Stockholms SS"]
[BlackTeam "SK Kamraterna"]
[WhiteFideId "1709615"]
[BlackFideId "1705083"]
[EventDate "2016.10.14"]

1. d4 e6 2. c4 f5 3. Nc3 Bb4 4. e3 Nf6 5. Bd3 b6 6. Ne2 Bb7 7. O-O O-O 8. f3 c5
9. d5 Bxc3 10. Nxc3 Kh8 11. e4 fxe4 12. fxe4 d6 13. dxe6 Qe7 14. Nd5 Qxe6 15.
Nc7 Qe5 16. Bc2 Nc6 17. Nxa8 Rxa8 18. Be3 Re8 19. Rf5 Qxb2 20. Rb1 Qc3 21. Rb3
Qxc4 22. Qxd6 Rd8 23. Bd3 Qf7 24. Qf4 c4 25. Rb1 cxd3 26. Rf1 Ne7 27. Qc7 Nxf5
28. Qxf7 Bxe4 29. Bd2 Rd7 30. Qf8+ Ng8 31. Rxf5 1-0

[Event "TCh-SWE Superettan"]
[Site "Sweden SWE"]
[Date "2017.03.26"]
[Round "9.2"]
[Board "3"]
[White "Svenn, Gosta"]
[Black "Johansson, Thomas2"]
[Result "1/2-1/2"]
[WhiteTitle "FM"]
[WhiteElo "2317"]
[BlackElo "2239"]
[WhiteTeam "SK Kamraterna"]
[BlackTeam "Upsala ASS"]
[WhiteFideId "1700553"]
[BlackFideId "1708244"]
[EventDate "2016.10.14"]

1. d4 d5 2. c4 c6 3. Nf3 Nf6 4. e3 Bf5 5. Bd3 Bg6 6. O-O e6 7. a3 Nbd7 8. Nc3
Bd6 9. Re1 Ne4 10. Qc2 f5 11. b4 O-O 12. b5 Bh5 13. Be2 Qf6 14. a4 Bxf3 15. Bxf3
Bb4 16. Bb2 cxb5 17. Bxe4 Bxc3 18. Bxc3 fxe4 19. axb5 Nb6 20. c5 Nc4 21. Ra2 b6
22. Rea1 Rf7 23. h3 Qd8 24. Ra6 Qb8 25. Qa4 Rb7 26. Bb4 bxc5 27. Bxc5 Rxb5 28.
Rxa7 Rb1+ 29. Rxb1 Qxb1+ 30. Kh2 Qb8+ 31. g3 Rxa7 32. Qxa7 Qxa7 33. Bxa7 h5 34.
Bb8 Kf7 35. Bc7 Kf6 36. g4 hxg4 37. hxg4 e5 38. Kg3 exd4 39. exd4 g5 40. Bd8+
Kg6 41. Be7 Nd2 42. f4 exf3 43. Bb4 Ne4+ 44. Kxf3 Kf6 45. Ke3 Ke6 46. Kf3 Kd7
47. Ke3 Kc6 48. Be7 Kb5 49. Kd3 Ka4 50. Kc2 1/2-1/2

[Event "TCh-SWE Superettan"]
[Site "Sweden SWE"]
[Date "2017.03.26"]
[Round "9.3"]
[Board "1"]
[White "Fries-Nielsen, Jens Ove"]
[Black "Akesson, Ralf"]
[Result "0-1"]
[WhiteTitle "IM"]
[BlackTitle "GM"]
[WhiteElo "2356"]
[BlackElo "2412"]
[WhiteTeam "Burgsvik Alva SK"]
[BlackTeam "Vasteras SK"]
[WhiteFideId "1400142"]
[BlackFideId "1700120"]
[EventDate "2016.10.14"]

1. d4 d5 2. Nc3 Nf6 3. Bf4 a6 4. Qd3 e6 5. e4 dxe4 6. Nxe4 Nxe4 7. Qxe4 Nd7 8.
O-O-O Nf6 9. Qf3 Nd5 10. c4 Nxf4 11. Qxf4 Bd6 12. Qe3 O-O 13. Nf3 Qf6 14. g3 b6
15. Bd3 Bb7 16. Be4 Bxe4 17. Qxe4 c5 18. d5 exd5 19. Rxd5 Rfe8 20. Qd3 Bf8 21.
Ng5 g6 22. Ne4 Qe6 23. f3 b5 24. g4 bxc4 25. Qxc4 Rab8 26. Rhd1 Rb4 27. Qe2 Reb8
28. g5 Be7 29. h4 c4 30. Qh2 Qb6 31. R1d2 Qe3 32. Qe2 Qg1+ 33. Qd1 Qxd1+ 34.
Kxd1 Rxb2 35. Rxb2 Rxb2 36. Ra5 Rb6 37. Kc2 f5 38. Nd2 Rd6 39. f4 Rxd2+ 0-1

[Event "TCh-SWE Superettan"]
[Site "Sweden SWE"]
[Date "2017.03.26"]
[Round "9.3"]
[Board "3"]
[White "Andersson, Tommy"]
[Black "Norberg, Johan"]
[Result "1/2-1/2"]
[WhiteTitle "FM"]
[BlackTitle "FM"]
[WhiteElo "2395"]
[BlackElo "2298"]
[WhiteTeam "Burgsvik Alva SK"]
[BlackTeam "Vasteras SK"]
[WhiteFideId "1703803"]
[BlackFideId "1707078"]
[EventDate "2016.10.14"]

1. d4 d6 2. e4 Nf6 3. f3 c5 4. d5 e6 5. c4 g6 6. Nc3 exd5 7. cxd5 Bg7 8. Nge2 a6
9. a4 Nbd7 10. Ng3 O-O 11. Be2 Ne8 12. Be3 Rb8 13. O-O Nc7 14. a5 b5 15. axb6
Rxb6 16. Ra2 Nb5 17. Nxb5 axb5 18. Qd2 b4 19. b3 Bc3 20. Qc1 Re8 21. Kh1 Rb8 22.
Bg5 Qc7 23. f4 f6 24. Bh6 Nb6 25. f5 Be5 26. Rf3 Bb7 27. fxg6 hxg6 28. Bf4 Bd4
29. Bb5 Ra8 30. Rxa8 Rxa8 31. Qd2 Nd7 32. Bxd7 Qxd7 33. Rf1 Ba6 34. Rc1 Bb5 35.
h3 Ra3 36. Rb1 Bc3 37. Qc2 Kg7 38. Ne2 Be5 39. Bc1 Ra8 40. Nf4 Bxf4 41. Bxf4 Qe7
42. Re1 Ra3 43. Kh2 g5 44. Bg3 Ra8 45. Qd2 Kf7 46. Qf2 Kg7 47. Re3 Bd7 48. Kg1
Ra1+ 49. Kh2 Ra8 50. h4 gxh4 51. Bxh4 Rh8 52. Kg1 Rh6 53. Bg3 Rg6 54. Qa2 Rg5
55. Bf4 Rg4 56. g3 Bc8 57. Qa5 Qd7 58. Kf2 Kf7 59. Qb6 Ke7 60. Qb8 Rxf4+ 61.
gxf4 Qg4 62. Qa7+ Bd7 63. f5 Qf4+ 64. Ke2 Qh2+ 65. Kd1 Qg1+ 66. Re1 Qd4+ 67. Ke2
Qb2+ 68. Kf3 Qxb3+ 69. Re3 Qd1+ 70. Kf4 c4 71. Rg3 Qf1+ 72. Ke3 Qe1+ 73. Kf4
Qf1+ 74. Ke3 Qe1+ 1/2-1/2

[Event "TCh-SWE Superettan"]
[Site "Sweden SWE"]
[Date "2017.03.26"]
[Round "9.5"]
[Board "5"]
[White "Wiander, Michael"]
[Black "Ottenklev, Niklas"]
[Result "1/2-1/2"]
[WhiteTitle "CM"]
[WhiteElo "2249"]
[BlackElo "2184"]
[WhiteTeam "Stockholms SS"]
[BlackTeam "Schack 08, Norrkoping"]
[WhiteFideId "1702580"]
[BlackFideId "1714210"]
[EventDate "2016.10.14"]

1. e4 e6 2. d3 d5 3. Nd2 Nf6 4. Ngf3 Be7 5. g3 O-O 6. Bg2 c5 7. O-O Nc6 8. Re1
Qc7 9. e5 Nd7 10. Qe2 b5 11. h4 a5 12. Nf1 Ba6 13. N1h2 b4 14. Bf4 c4 15. Ng4
Qb6 16. Bg5 Bc5 17. dxc4 Bxc4 18. Qd2 Ne7 19. Nf6+ gxf6 20. Bxf6 Nxf6 21. exf6
Nf5 22. Re5 Kh8 23. g4 Bxf2+ 24. Qxf2 Qxf2+ 25. Kxf2 Nd6 26. Nd4 Rac8 27. a4 Ba6
28. b3 Rc3 29. Rae1 Nb7 30. Kg1 Nc5 31. R5e3 Rxe3 32. Rxe3 Rc8 33. g5 Kg8 34.
Kh2 Kf8 35. h5 Nd7 36. Bh3 Nc5 37. Bg2 Nd7 38. Bh3 Nc5 39. g6 hxg6 40. hxg6 fxg6
41. Kg1 Bb7 42. Bxe6 Re8 43. Rh3 Nxe6 44. Rh8+ Kf7 45. Rxe8 Kxe8 46. Nxe6 Bc8
47. Nc7+ Kf7 48. Nxd5 Bf5 49. Ne3 Be6 50. Kf2 Kxf6 51. Ke2 Ke5 52. Kd3 Kf4 53.
Ng2+ Kg3 54. Ne3 Kf3 55. Nf1 Bf5+ 56. Kd2 g5 57. Ne3 Be6 58. Kd3 Bf7 59. Kd2 Be6
60. Kd3 Bf7 61. Kd2 g4 62. Nxg4 Kxg4 63. c3 Bxb3 64. cxb4 axb4 65. a5 Kf4 66.
Kd3 Ke5 67. a6 Bd5 68. a7 Kd6 69. a8=Q Bxa8 1/2-1/2

[Event "TCh-SWE Superettan"]
[Site "Sweden SWE"]
[Date "2017.01.14"]
[Round "4.5"]
[Board "3"]
[White "Rorvall, Goran"]
[Black "Lokander, Martin"]
[Result "0-1"]
[BlackTitle "FM"]
[WhiteElo "2162"]
[BlackElo "2317"]
[WhiteTeam "Horndals SK"]
[BlackTeam "Stockholms SS"]
[WhiteFideId "1700650"]
[BlackFideId "1709569"]
[EventDate "2016.10.14"]

1. e4 c5 2. Nf3 Nc6 3. d3 g6 4. g3 Bg7 5. Bg2 b5 6. a4 b4 7. O-O d6 8. Re1 Rb8
9. Nbd2 Nf6 10. Nc4 Nd7 11. Rb1 Nb6 12. b3 Nxc4 13. dxc4 Bg4 14. Qd5 Qc8 15. Ng5
O-O 16. Bb2 h6 17. Bxg7 Kxg7 18. Nf3 Bxf3 19. Bxf3 Nd4 20. Bd1 f6 21. e5 dxe5
22. f4 e6 23. Qe4 exf4 24. gxf4 Qb7 25. Kf2 g5 26. Bf3 Qc7 27. Rg1 f5 28. Qe3
Nxc2 29. Qd2 Nd4 30. fxg5 Qxh2+ 31. Rg2 Qh4+ 32. Rg3 f4 33. gxh6+ Kf6 34. Rg1
fxg3+ 35. Rxg3 Rg8 0-1

[Event "TCh-SWE Superettan"]
[Site "Sweden SWE"]
[Date "2017.01.14"]
[Round "4.4"]
[Board "3"]
[White "Eriksson, Johan"]
[Black "Johansson, Thomas2"]
[Result "1/2-1/2"]
[WhiteTitle "IM"]
[WhiteElo "2393"]
[BlackElo "2239"]
[WhiteTeam "Vasteras SK"]
[BlackTeam "Upsala ASS"]
[WhiteFideId "1702564"]
[BlackFideId "1708244"]
[EventDate "2016.10.14"]

1. d4 Nf6 2. c4 e6 3. Nc3 Bb4 4. f3 c5 5. d5 d6 6. e4 Qe7 7. Ne2 O-O 8. a3 Ba5
9. Bg5 Nbd7 10. Qa4 Bxc3+ 11. Nxc3 h6 12. Bh4 Ne5 13. Be2 Ng6 14. Bg3 exd5 15.
cxd5 Nh5 16. Bf2 Nhf4 17. Bf1 Ne5 18. O-O-O Bd7 19. Qc2 c4 20. Bg3 Ned3+ 21. Kb1
b5 22. Qd2 Qf6 23. Ne2 Nh5 24. Nc1 Nxg3 25. hxg3 Nc5 26. Qf4 Qe5 27. Qxe5 dxe5
28. g4 Rfc8 29. Be2 a5 30. d6 f6 31. Rd2 Rab8 32. Rhd1 Kf7 33. g3 Ne6 34. Rd5
Nd4 35. R5xd4 exd4 36. Rxd4 Be6 37. f4 Ke8 38. Na2 Kd7 39. Nc3 Rc5 40. a4 bxa4
41. Ka2 Rb4 42. Bd1 Kd8 43. Bxa4 Bxg4 44. e5 fxe5 45. fxe5 Be6 46. Rf4 Rxa4+ 47.
Nxa4 Rxe5 48. Nb6 Ke8 49. Ka3 Rb5 50. Nxc4 Bxc4 51. Rxc4 Rg5 52. g4 Kd7 53. Rd4
g6 54. b4 axb4+ 55. Kxb4 h5 56. gxh5 gxh5 57. Kc3 Rg6 58. Kd3 Rh6 59. Ke3 h4 60.
Kf2 h3 61. Kg1 h2+ 62. Kh1 Rxd6 63. Rxd6+ Kxd6 64. Kxh2 1/2-1/2

[Event "TCh-SWE Superettan"]
[Site "Sweden SWE"]
[Date "2017.01.14"]
[Round "4.4"]
[Board "5"]
[White "Vaarala, Eric"]
[Black "Malm Lindberg, Henrik"]
[Result "1/2-1/2"]
[WhiteElo "2287"]
[BlackElo "2248"]
[WhiteTeam "Vasteras SK"]
[BlackTeam "Upsala ASS"]
[WhiteFideId "1711962"]
[BlackFideId "1702599"]
[EventDate "2016.10.14"]

1. d4 Nf6 2. c4 e6 3. Nc3 Bb4 4. e3 O-O 5. Ne2 d5 6. a3 Be7 7. Nf4 dxc4 8. Bxc4
c5 9. d5 exd5 10. Ncxd5 Nxd5 11. Bxd5 Nd7 12. Bd2 Nf6 13. Bc3 Nxd5 14. Qxd5 Qxd5
15. Nxd5 Bd8 16. O-O-O f6 17. e4 Re8 18. Rhe1 Kf7 19. f3 Be6 20. Rd3 Rc8 21.
Red1 Bc7 22. g3 Red8 23. Kc2 b6 24. Nxc7 Rxd3 25. Rxd3 Rxc7 26. Rd2 Rd7 27.
Rxd7+ 1/2-1/2

[Event "TCh-SWE Superettan"]
[Site "Sweden SWE"]
[Date "2017.01.14"]
[Round "4.1"]
[Board "5"]
[White "Mohammadi, Amir"]
[Black "Fransson, Percy"]
[Result "1-0"]
[WhiteElo "2297"]
[BlackElo "2118"]
[WhiteTeam "SK Kamraterna"]
[BlackTeam "Orgryte SK"]
[WhiteFideId "1705890"]
[BlackFideId "1718495"]
[EventDate "2016.10.14"]

1. e4 e6 2. d4 d5 3. Nc3 Bb4 4. Ne2 dxe4 5. a3 Bxc3+ 6. Nxc3 Nc6 7. Bb5 Ne7 8.
Nxe4 Qd5 9. Qd3 a6 10. c4 Qf5 11. Ba4 O-O 12. Bc2 Rd8 13. Be3 Nxd4 14. Bxd4 e5
15. Nf6+ gxf6 16. Qe2 Qg4 17. Bc3 Qxe2+ 18. Kxe2 Bf5 19. Bb4 Nc6 20. Bxf5 Nd4+
21. Kf1 Nxf5 22. g4 Nd6 23. Rc1 a5 24. Bc5 Kg7 25. Ke2 f5 26. Rhg1 f4 27. f3 Rd7
28. Rgd1 Rad8 29. Bf2 Ne8 30. Rxd7 Rxd7 31. c5 Rd5 32. Rc4 b5 33. cxb6 cxb6 34.
Rc6 b5 35. Be1 a4 36. Bc3 Nf6 37. h4 Nd7 38. g5 f6 39. Kf2 fxg5 40. hxg5 Nf8 41.
Kg2 Kf7 42. Rf6+ Kg8 43. Kh3 Nd7 44. Re6 Kf7 45. Rh6 Rd1 46. Kg4 Nf8 47. Bxe5
Ng6 48. Rxh7+ Ke6 49. Bxf4 Rd4 50. Rh6 Kf7 51. Kg3 Rxf4 52. Rxg6 Rf5 53. Rf6+ 1-0

[Event "TCh-SWE Superettan"]
[Site "Sweden SWE"]
[Date "2017.03.05"]
[Round "5.1"]
[Board "8"]
[White "Fransson, Patrick"]
[Black "Moren, Bjorn"]
[Result "0-1"]
[WhiteElo "2117"]
[BlackElo "2106"]
[WhiteTeam "Orgryte SK"]
[BlackTeam "Vaxjo SK"]
[WhiteFideId "1709305"]
[BlackFideId "1713183"]
[EventDate "2016.10.14"]

1. d4 d5 2. Bg5 Nd7 3. e3 Ngf6 4. f4 e6 5. Nd2 Be7 6. Bd3 b6 7. Nh3 Bb7 8. Nf2
h6 9. Bxf6 Nxf6 10. O-O Qd6 11. c3 c5 12. Nf3 O-O 13. Ne5 Ne4 14. Qh5 f5 15. g4
Bc6 16. Kh1 Be8 17. Qh3 cxd4 18. exd4 Bf6 19. Qe3 Qe7 20. Rg1 Bxe5 21. fxe5
Nxf2+ 22. Qxf2 fxg4 23. Qe2 Bh5 24. Rg3 Qh4 25. Rag1 Rf4 26. c4 Raf8 27. R1g2
dxc4 28. Bxc4 Kh8 29. Qe3 Rf3 30. Qe1 Qd8 31. Qe4 R3f4 32. Qe3 Rxd4 33. Bxe6
Rd1+ 34. Rg1 Qa8+ 35. Rg2 Rff1 36. Bd7 Rxg1+ 37. Qxg1 Rxg1+ 38. Kxg1 Qe4 39. Rf2
Qxe5 0-1

[Event "TCh-SWE Superettan"]
[Site "Sweden SWE"]
[Date "2017.03.05"]
[Round "5.2"]
[Board "6"]
[White "Mohammadi, Amir"]
[Black "Ottenklev, Niklas"]
[Result "1/2-1/2"]
[WhiteElo "2297"]
[BlackElo "2184"]
[WhiteTeam "SK Kamraterna"]
[BlackTeam "Schack 08, Norrkoping"]
[WhiteFideId "1705890"]
[BlackFideId "1714210"]
[EventDate "2016.10.14"]

1. e4 e6 2. d4 d5 3. Nc3 Bb4 4. Ne2 Nc6 5. a3 Ba5 6. b4 Bb6 7. Be3 Nf6 8. e5 Ng4
9. Nf4 Nxe3 10. fxe3 Qg5 11. Bb5 O-O 12. Bxc6 bxc6 13. Qh5 Qxh5 14. Nxh5 a5 15.
Kd2 f6 16. exf6 gxf6 17. Na4 Kf7 18. Rhf1 Ke7 19. c3 axb4 20. axb4 Ba6 21. Rfe1
Bb5 22. Nb2 e5 23. Nd3 Ke6 24. Rf1 Rxa1 25. Rxa1 Rg8 26. Rg1 Ra8 27. Nc1 f5 28.
g3 Rg8 29. dxe5 Kxe5 30. Nd3+ Kd6 31. Nhf4 Ra8 32. Nc1 c5 33. bxc5+ Bxc5 34.
Nfd3 Bb6 35. Rf1 Bd7 36. Nf4 Ra3 37. Nfe2 c5 38. Rf4 Ra4 39. Rxa4 Bxa4 40. Nd3
Bb5 41. Nef4 Ba5 42. Ne2 Bxd3 43. Kxd3 c4+ 44. Kd2 Ke5 45. Nf4 Ke4 46. Ng2 Bd8
47. Ke2 Bf6 48. Kd2 Be7 49. Ke2 Bc5 50. Nf4 Bxe3 51. Nxd5 Bg1 52. Nf6+ Ke5 53.
Nxh7 Bxh2 54. Kf3 f4 55. gxf4+ Bxf4 56. Nf8 Bd2 57. Nd7+ Kd5 58. Nb6+ Kc5 59.
Nxc4 1/2-1/2

[Event "TCh-SWE Superettan"]
[Site "Sweden SWE"]
[Date "2017.03.05"]
[Round "5.3"]
[Board "2"]
[White "Krupenski, Juri"]
[Black "Marcus, Hakan"]
[Result "1-0"]
[WhiteTitle "IM"]
[WhiteElo "2423"]
[BlackElo "2188"]
[WhiteTeam "Burgsvik Alva SK"]
[BlackTeam "Horndals SK"]
[WhiteFideId "4501101"]
[BlackFideId "1703684"]
[EventDate "2016.10.14"]

1. d4 d5 2. c4 c6 3. cxd5 cxd5 4. Bg5 Nf6 5. Bxf6 exf6 6. Nc3 Bb4 7. Rc1 O-O 8.
e3 Be6 9. Bd3 f5 10. Ne2 Nc6 11. O-O Rc8 12. a3 Bd6 13. Na4 Qe7 14. Qd2 Nb8 15.
g3 Nd7 16. Qa5 Ra8 17. Nac3 b6 18. Qa6 Nf6 19. Bb1 Rad8 20. Ba2 Bb8 21. Qd3 g5
22. f3 Bc8 23. f4 g4 24. Nd1 h5 25. Nec3 Be6 26. Rf2 Kg7 27. Rfc2 h4 28. Nf2 Rh8
29. Nh1 Ne4 30. Rg2 hxg3 31. Nxg3 Rh3 32. Ncxe4 dxe4 33. Qb1 Kg6 34. Rc6 Rd6 35.
Rc3 Rh8 36. Rgc2 Rhd8 37. b4 R6d7 38. Qf1 Bxa2 39. Rxa2 Rc7 40. Rac2 Rdc8 41.
Qc1 Rxc3 42. Rxc3 Rxc3 43. Qxc3 Qe6 44. h3 gxh3 45. Kh2 Bd6 46. Qc6 Kh7 47. d5
Qg6 48. Qd7 a5 49. Qxf5 axb4 50. axb4 Bxb4 51. Kxh3 Bc5 52. Qe5 Bxe3 53. Nxe4
Qg1 54. Ng3 Bf2 55. Qe4+ Kg8 56. Nh5 Qf1+ 57. Kg4 Qg1+ 58. Kf3 Bc5 59. Qe8+ Kh7
60. Qxf7+ Kh6 61. Ng3 Bf2 62. Nf5# 1-0

[Event "TCh-SWE Superettan"]
[Site "Sweden SWE"]
[Date "2017.03.05"]
[Round "5.3"]
[Board "5"]
[White "Rorvall, Goran"]
[Black "Nygren, Kim"]
[Result "0-1"]
[WhiteElo "2162"]
[BlackElo "2202"]
[WhiteTeam "Horndals SK"]
[BlackTeam "Burgsvik Alva SK"]
[WhiteFideId "1700650"]
[BlackFideId "1706136"]
[EventDate "2016.10.14"]

1. e4 c5 2. Nf3 Nc6 3. d3 d6 4. g3 Nf6 5. Bg2 e6 6. O-O Be7 7. Re1 O-O 8. Nbd2
Qc7 9. a4 Rb8 10. Nc4 e5 11. Bg5 Be6 12. Ne3 b5 13. axb5 Rxb5 14. b3 Nd4 15.
Nxd4 cxd4 16. Nc4 Ng4 17. Bxe7 Qxe7 18. Ra6 Rd8 19. Qd2 Bc8 20. Ra4 a6 21. Rea1
h6 22. h3 Nf6 23. Kh2 d5 24. exd5 Nxd5 25. Ra5 Nc3 26. Re1 f6 27. f4 Qc7 28.
Raa1 exf4 29. Qxf4 Qd7 30. Na5 Rf5 31. Qd2 Rh5 32. Nc6 Rxh3+ 33. Bxh3 Qxh3+ 34.
Kg1 Qxg3+ 35. Qg2 Qxg2+ 36. Kxg2 Bb7 37. Kg3 Bxc6 38. Rxa6 Bb5 39. Rae6 Rd5 40.
Ra1 Rg5+ 41. Kf2 h5 42. Ra8+ Kh7 43. Rd8 Nd1+ 44. Ke2 Nc3+ 45. Kf2 Nd5 46. Re4
Ne3 47. c4 Rg2+ 48. Kf3 Bc6 49. Rxd4 f5 50. Kxe3 fxe4 51. dxe4 Rg3+ 52. Kf4 Rxb3
53. e5 h4 54. Kg5 h3 55. e6 Re3 56. Rh4+ Kg8 57. Kf5 Kf8 58. Rh8+ Ke7 59. Kf4
Rc3 60. Ke5 Bg2 61. Rh7 Rg3 62. Kf5 Bf1 63. Rh4 Rc3 64. Rg4 g6+ 65. Ke5 h2 66.
Rxg6 h1=Q 67. Rg7+ Kf8 0-1

[Event "TCh-SWE Superettan"]
[Site "Sweden SWE"]
[Date "2017.03.24"]
[Round "7.1"]
[Board "6"]
[White "Sevastianov, Andrii"]
[Black "Tiger-Norqvist, Axel"]
[Result "1/2-1/2"]
[WhiteElo "2172"]
[BlackElo "2109"]
[WhiteTeam "Vaxjo SK"]
[BlackTeam "Horndals SK"]
[WhiteFideId "1730240"]
[BlackFideId "1716816"]
[EventDate "2016.10.14"]

1. c4 Nf6 2. g3 g6 3. Bg2 Bg7 4. Nc3 O-O 5. e4 d6 6. Nge2 c5 7. O-O Nc6 8. d3
Ne8 9. Be3 Nc7 10. d4 cxd4 11. Nxd4 Rb8 12. Qd2 Ne5 13. b3 Ng4 14. Rfd1 Nxe3 15.
Qxe3 Bd7 16. Rac1 a6 17. Nf3 Bc6 18. c5 Ne6 19. cxd6 exd6 20. Rc2 Re8 21. Rcd2
Qa5 22. Nd5 Bxd5 23. Rxd5 Qxa2 24. Rxd6 Qa3 25. Bf1 Qb4 26. Bc4 Re7 27. Bxe6
fxe6 28. Qd3 Rf8 29. Rd8 Rf7 30. Rxf8+ Rxf8 31. Kg2 Qb6 32. h4 h6 33. Qc4 Kh7
34. Rd7 e5 35. Qd5 Qf6 36. Qd3 Rf7 37. Rxf7 Qxf7 38. Qd5 Qc7 39. h5 gxh5 40. Nh4
Qc6 41. Qxc6 bxc6 42. Kf3 Bf8 43. Ke2 Bd6 44. Kd3 Bc7 45. f3 Bb6 46. Ke2 Bd8 47.
Kd3 Bb6 48. Ke2 Bd8 49. Kd3 Bb6 50. Ke2 1/2-1/2